000 006630000a22002290004500
003 LK-CoMWRAF
005 20231006100716.0
008 230817t ||||| |||| 00| 0 eng d
020 _a0892590106
040 _aLK-CoMWRAF
_dLK-CoMWRAF
_eLK-CoMWRAF
041 _aeng
082 _a297.122
_bBUC
100 _aBucaille, Maurice
110 _aPannell, Alastair D.
245 _aThe Bible,the Qur'an and science :
_bThe Holy scriptures examined in the light of modern knowledge
260 _aU.S.A :
_bAmerican Trust,
_c1979
300 _a253p
650 _aQuran-Relation to the Bible-Collected works
650 _aBible
650 _aIslam
942 _cBK
999 _c604
_d604